000 00707nam a22001937a 4500
001 113540
003 DR-UNIBE
005 20250508104327.0
008 250502buuuu xx ||||| |||| 00| 0 spa d
040 _aBIBLIOTECA UNIBE
_bspa
_cBIBLIOTECA UNIBE
_erda
041 _aspa
082 _aF 5684
245 _aGlosario de términos jurídicos
260 _aAsunción :
_bCentro dpara la Administración de Justicia de la Universidad de la Florida (CAJ/FIU),
_bAgencia de los Estados Unidos para el Desarrollo Internacional (USAID),
_c[Fecha de publicación no identificada]
300 _a48 páginas
490 _aColección folletos
650 7 _2lemb
_aDerecho
_xTerminología
_9195085
942 _2ddc
_cMX
999 _c113540
_d113540